Indolalkaloide.

Bibliographic Details
Main Author: Hesse, Manfred, 1935-
Format: Book
Language:German
Published: [Weinheim/Bergstr.] : Verlag Chemie, [1974]
Series:Progress in mass spectrometry ; v. 1.
Subjects:

MARC

Tag First Indicator Second Indicator Subfields
LEADER 00000cam a2200000 4500
001 in00000605421
005 20151014103824.0
008 741125s1974 gw a 00000 ger
010 |a  73084679  
020 |a 3527254919 
035 |a (OCoLC)01086826 
035 |9 ACR7817AM 
040 |c RRR  |d TXA  |d UtOrBLW 
049 |a TXAM  |d [  |v =T.]  |c 1  |v 1 [719888]  |v 2 [719889]  |c 2  |v 1 [1572344]  |v 2 [1572345] 
050 0 0 |a QC463.I5  |b H47 
082 0 |a 547/.72 
100 1 |a Hesse, Manfred,  |d 1935- 
245 1 0 |a Indolalkaloide. 
264 1 |a [Weinheim/Bergstr.] :  |b Verlag Chemie,  |c [1974] 
264 4 |c [©1974] 
300 |a 2 volumes :  |b illustrations ;  |c 25 cm. 
336 |a text  |b txt  |2 rdacontent 
337 |a unmediated  |b n  |2 rdamedia 
338 |a volume  |b nc  |2 rdacarrier 
490 1 |a Fortschritte der Massenspektrometrie, v. 1 
504 |a Includes bibliographies. 
505 0 |a T. 1. Text.--T. 2. Spektren. 
650 0 |a Indole alkaloids  |x Spectra. 
650 0 |a Mass spectrometry  |x Charts, diagrams, etc. 
830 0 |a Progress in mass spectrometry ;  |v v. 1. 
999 |a MARS 
999 f f |s d9b7cb6d-2cf7-3d89-9a34-7a8e7b2b7379  |i 2b0e545e-5f83-3b37-bee5-2a57d33ed3ee  |t 0 
952 f f |p ric  |a Texas A&M University  |b Rellis Campus  |c Joint Library Facility  |s JLF  |d Remote Storage  |t 0  |e QC463.I5 H47  |h Library of Congress classification  |i unmediated -- volume  |k T.2  |m A14804629798 
952 f f |p ric  |a Texas A&M University  |b Rellis Campus  |c Joint Library Facility  |s JLF  |d Remote Storage  |t 0  |e QC463.I5 H47  |h Library of Congress classification  |i unmediated -- volume  |k T.1  |m A14804629803 
998 f f |a QC463.I5 H47  |s T.1-T.2  |t 0  |l Remote Storage